[Event "German Masters 2019"]
[Site "Magdeburg"]
[Date "2019.05.28"]
[Round "3.4"]
[White "Miller, Eduard"]
[Black "Meier, Georg"]
[Result "1/2-1/2"]
[WhiteElo "2382"]
[BlackElo "2636"]
[Annotator "RC"]
[PlyCount "76"]
[EventDate "2019.05.26"]
[EventType "tourn"]
[EventCountry "GER"]
[SourceTitle "playchess.com"]
[Source "ChessBase"]
[SourceQuality "1"]
[TimeControl "40/5400+30:1800+30"]

1. Nf3 {[%emt 0:00:00]} d5 {[%emt 0:00:00]} 2. g3 {[%emt 0:00:00]} Nf6 {[%emt 0:00:00]} 3. Bg2 {[%emt 0:00:00]} e6 {[%emt 0:00:01]} 4. O-O {[%emt 0:00:00]} Be7 {[%emt 0:00:03]} 5. d3 {[%emt 0:00:00]} c5 {[%emt 0:00:13]} 6. Nbd2 {[%emt 0:00:03]} Nc6 {[%emt 0:00:07]} 7. e4 {[%emt 0:00:04]} O-O {[%emt 0:00:14]} 8. Re1 {[%emt 0:00:04]} Qc7 {[%emt 0:00:05]} 9. c3 {[%emt 0:01:05]} b6 {[%emt 0:05:23]} 10. Nf1 {[%emt 0:00:18]} h6 {[%emt 0:02:13]} 11. Bf4 {[%emt 0:05:37]} Qd7 {[%emt 0:00:15]} 12. e5 {[%emt 0:05:30]} Nh7 {[%emt 0:00:06]} 13. h4 {[%emt 0:02:29]} Bb7 {[%emt 0:02:49]} 14. Qd2 {[%emt 0:19:19]} Rfc8 {[%emt 0:00:34]} 15. g4 {[%emt 0:01:41]} Rc7 {[%emt 0:00:46]} 16. Ng3 {[%emt 0:00:43]} Qd8 {[%emt 0:00:37]} 17. g5 {[%emt 0:03:17]} hxg5 {[%emt 0:00:08]} 18. Nxg5 {[%emt 0:14:10]} b5 {[%emt 0:04:39]} 19. Nh5 {[%emt 0:03:36]} Bxg5 {[%emt 0:02:47]} 20. Bxg5 {[%emt 0:08:48]} Ne7 {[%emt 0:00:18]} 21. Re3 {[%emt 0:09:17]} Nxg5 {[%emt 0:01:14]} 22. Rg3 {[%emt 0:00:13]} Ng6 {[%emt 0:04:23]} 23. Rxg5 {[%emt 0:00:38]} d4 {[%emt 0:00:06]} 24. Bxb7 {[%emt 0:06:40]} Rxb7 {[%emt 0:00:28]} 25. Qe2 {[%emt 0:01:43]} dxc3 {[%emt 0:05:06]} 26. bxc3 {[%emt 0:00:09]} b4 {[%emt 0:00:03]} 27. Qe4 {[%emt 0:03:44]} Rab8 {[%emt 0:12:36]} 28. c4 {[%emt 0:05:14]} Rd7 {[%emt 0:02:21]} 29. Qg2 {[%emt 0:00:59]} Kf8 {[%emt 0:12:12]} 30. Nxg7 {[%emt 0:00:57]} Kxg7 {[%emt 0:00:08]} 31. h5 {[%emt 0:00:08]} Rxd3 {[%emt 0:00:07]} 32. Rxg6+ {[%emt 0:01:08]} fxg6 {[%emt 0:00:18]} 33. Qxg6+ {[%emt 0:00:06]} Kf8 {[%emt 0:03:27]} 34. Qh6+ {[%emt 0:00:19]} Ke7 {[%emt 0:00:11]} 35. Qg7+ {[%emt 0:00:21]} Ke8 {[%emt 0:00:03]} 36. Qg6+ {[%emt 0:00:07]} Ke7 {[%emt 0:00:17]} 37. Qg7+ {[%emt 0:00:05]} Ke8 {[%emt 0:00:03]} 38. Qg6+ {[%emt 0:00:04]} Ke7 {[%emt 0:00:04]} 1/2-1/2

[Event "German Masters 2019"]
[Site "Magdeburg"]
[Date "2019.05.29"]
[Round "4.1"]
[White "Bluebaum, Matthias"]
[Black "Meier, Georg"]
[Result "1/2-1/2"]
[WhiteElo "2618"]
[BlackElo "2636"]
[Annotator "TA"]
[PlyCount "65"]
[EventDate "2019.05.26"]
[EventType "tourn"]
[EventCountry "GER"]
[SourceTitle "playchess.com"]
[Source "ChessBase"]
[SourceQuality "1"]

{[%evp 9,65,14,20,16,32,6,14,12,18,0,42,15,14,18,13,10,10,14,33,33,48,44,54,18,21,36,25,33,31,37,42,36,39,43,42,48,38,40,43,49,34,34,41,52,33,42,37,52,43,23,32,43,38,0,31,0,32,0]} 1. d4 d5 2. c4 e6 3. Nc3 Be7 4. cxd5 exd5 5. Bf4 c6 6. Qc2 {D31: Queen's Gambit Declined: Semi-Slav without ...Nf6 (+ Marshall Gambit and Noteboom) and Exchange Variation lines without ...Nf6} (6. e3 Bf5 7. g4 Be6 8. h3 Nd7 9. Bd3 h5 10. gxh5 Ndf6 11. h6 Nxh6 12. Qc2 Qd7 13. Nf3 Bf5 14. Ne5 Bxd3 15. Nxd3 Nh5 16. Bh2 Qxh3 {½-½ (32) Radjabov,T (2757)-Giri,A (2783) Wijk aan Zee 2019}) 6... Nf6 7. h3 Qa5 8. e3 {The position is equal.} Ne4 9. Bd3 Bf5 10. a3 Na6 {[#] ...Nb4! is the strong threat.} 11. Ra2 Nxc3 12. bxc3 Bxd3 13. Qxd3 Nb8 $146 {[%cal Ba6b8,Bb8d7,Bd7b6][%mdl 32]} ({Predecessor:} 13... O-O) 14. Nf3 Nd7 15. O-O O-O 16. c4 dxc4 17. Qxc4 Nb6 18. Qb3 c5 19. dxc5 Bxc5 20. a4 Rac8 21. Be5 Bb4 22. Rb1 Bc3 23. Qb5 Qxb5 24. axb5 Bxe5 25. Nxe5 Rc5 26. Nd3 Rc3 27. Nf4 Nc8 28. Rd2 Rc7 29. Rbd1 Nb6 30. Ra2 Nc8 31. Rad2 Nb6 32. Ra2 Nc8 $1 33. Rad2 {Accuracy: White = 56%, Black = 77%.} 1/2-1/2

[Event "German Masters 2019"]
[Site "Magdeburg"]
[Date "2019.05.29"]
[Round "4.2"]
[White "Bindrich, Falko"]
[Black "Miller, Eduard"]
[Result "1-0"]
[WhiteElo "2599"]
[BlackElo "2382"]
[Annotator "TA"]
[PlyCount "89"]
[EventDate "2019.05.26"]
[EventType "tourn"]
[EventCountry "GER"]
[SourceTitle "playchess.com"]
[Source "ChessBase"]
[SourceQuality "1"]

{[%evp 9,89,27,27,33,29,32,20,0,2,31,22,0,11,0,9,-10,2,-8,-14,-31,-24,-12,-18,-38,-8,-19,-17,-12,-11,-23,0,0,0,0,8,4,4,6,72,77,66,75,62,79,79,68,71,72,120,98,101,107,106,111,165,160,161,101,101,101,97,100,107,30,86,80,114,80,118,0,310,295,309,296,348,354,329,328,562,562,546,547]} 1. d4 Nf6 2. Nf3 g6 3. Nbd2 d5 4. e3 Bg7 5. b4 a5 (5... O-O 6. Bb2 c6 7. c4 Nbd7 8. a4 Ne4 9. cxd5 Nxd2 10. Qxd2 cxd5 11. Bd3 Nf6 12. O-O Ne4 13. Qe2 Nd6 14. Rfc1 Bf5 15. Bxf5 gxf5 {1-0 (47) Sargissian,G (2689)-Kovalev,V (2683) St Petersburg 2018}) 6. b5 {D02: 1 d4 d5 2 Nf3 sidelines, including 2...Nf6 3 g3 and 2...Nf6 3 Bf4} c5 7. bxc6 Nxc6 8. Be2 {The position is equal.} O-O 9. O-O Bf5 10. c3 a4 11. Ba3 Qa5 12. Qc1 $146 ({Predecessor:} 12. c4 Nb4 {0-1 (12) Morovic Fernandez,I (2535)-Aguero Jimenez,L (2457) Matanzas 2017}) 12... b5 13. Qb2 Rab8 14. Rfc1 Rfc8 15. Nh4 Bd7 16. Rab1 g5 17. Nhf3 Bf5 18. Ra1 h6 19. Nf1 Bf8 20. Ng3 Bg6 21. Ne1 e6 22. Bxf8 Kxf8 23. Bd3 b4 (23... Ne7 $11 {keeps the balance.}) 24. Bxg6 $16 fxg6 25. cxb4 Qxb4 26. Qe2 Nd7 27. Nd3 Qa3 28. Qd2 Na7 {[%cal Bc6a7,Ba7b5,Bb5a3,Ba3c4][%mdl 32]} 29. Ne2 Nb5 30. Ne5 Nxe5 31. dxe5 Kf7 {[#]} (31... Kg7 $16 {was called for.}) 32. h3 $1 $18 Qe7 33. Qa5 (33. Rab1 $18 Rxc1+ 34. Rxc1 (34. Nxc1 Qc7 $11) (34. Qxc1 Qd7 $16)) 33... Na3 $16 34. Rxc8 Rxc8 35. Qxa4 Nc4 36. Qa6 (36. Rb1 $16) 36... Rc7 (36... Rb8 $11) 37. Nd4 Nxe5 38. a4 Nc4 39. a5 (39. Qa8 $16) 39... Ra7 $2 {[%mdl 8192]} (39... Qd7 $1 $11) 40. Qb5 {[#] Hoping for Nc6.} Rb7 41. Qa4 Qd7 42. Qxd7+ Rxd7 43. a6 Nb6 $2 (43... Ra7 {was necessary.} 44. Nc6 Rc7) 44. Rb1 $18 Nc8 45. Nc6 {Accuracy: White = 71%, Black = 42%.} 1-0

[Event "German Masters 2019"]
[Site "Magdeburg"]
[Date "2019.05.29"]
[Round "4.3"]
[White "Fridman, Daniel"]
[Black "Buhmann, Rainer"]
[Result "1/2-1/2"]
[WhiteElo "2644"]
[BlackElo "2573"]
[Annotator "TA"]
[PlyCount "65"]
[EventDate "2019.05.26"]
[EventType "tourn"]
[EventCountry "GER"]
[SourceTitle "playchess.com"]
[Source "ChessBase"]
[SourceQuality "1"]

{[%evp 9,65,20,20,3,25,17,13,14,16,11,14,12,15,16,18,20,24,26,54,-16,-10,-17,-16,-16,-16,-16,-14,-24,20,15,14,0,0,0,0,0,0,0,0,0,0,0,0,0,0,0,0,0,0,0,0,0,0,0,0,0,0,0]} 1. d4 Nf6 2. c4 e6 3. Nc3 Bb4 4. Qc2 b6 5. e4 c5 $1 {[%cal Rc5d4]} 6. d5 {E32: Nimzo-Indian: Classical (4 Qc2): 4...0-0} Qe7 7. Nge2 exd5 8. exd5 d6 9. a3 $146 ({Predecessor:} 9. Bd2 O-O 10. O-O-O Ng4 11. Re1 Nxf2 12. Rg1 Nd7 13. Nd4 Qxe1+ 14. Bxe1 cxd4 {0-1 (42) Bocharov,D (2611)-Tomashevsky,E (2724) Novosibirsk 2016}) 9... Bxc3+ $1 10. Qxc3 O-O 11. Bg5 Nbd7 $1 {[%cal Bb8d7,Bd7e5,Be5g6][%mdl 32]} 12. O-O-O h6 13. Bh4 Ne5 14. Qc2 ({White should try} 14. f4 $14 Ng6 15. Bxf6 Qxf6 16. Qxf6 gxf6 17. Nc3) 14... Ng6 $11 15. Bg3 $1 Ne4 16. Nc3 Nxg3 17. hxg3 Bd7 18. Bd3 Qg5+ 19. Qd2 {The position is equal.} Qxd2+ 20. Rxd2 Ne5 21. Be2 f5 22. f4 Nf7 23. Rd3 g6 24. Re3 Rfe8 25. Kd2 Kg7 26. Rxe8 Rxe8 27. Rb1 h5 28. b4 Rc8 29. Bd3 Kf6 30. Be2 Kg7 31. Bd3 Kf6 32. Be2 Kg7 33. Bd3 {Accuracy: White = 72%, Black = 76%.} 1/2-1/2

[Event "German Masters 2019"]
[Site "Magdeburg"]
[Date "2019.05.29"]
[Round "4.4"]
[White "Keymer, Vincent"]
[Black "Nisipeanu, Liviu-Dieter"]
[Result "0-1"]
[WhiteElo "2521"]
[BlackElo "2667"]
[Annotator "TA"]
[PlyCount "52"]
[EventDate "2019.05.26"]
[EventType "tourn"]
[EventCountry "GER"]
[SourceTitle "playchess.com"]
[Source "ChessBase"]
[SourceQuality "1"]

{[%evp 14,52,10,8,8,18,14,17,22,2,0,0,7,9,35,46,58,-20,-11,-89,-81,-87,-75,-71,-75,-92,-64,-81,-65,-175,-152,-460,-459,-947,-954,-954,-930,-1333,-1252,-29993,-239]} 1. d4 Nf6 2. c4 e6 3. Nf3 Bb4+ 4. Bd2 a5 5. Nc3 b6 6. e3 Bb7 7. Bd3 O-O 8. O-O d5 {E11: Bogo-Indian} (8... d6 9. Rc1 Nbd7 10. Qe2 Bxc3 11. Bxc3 Ne4 12. Nd2 f5 13. Bxe4 fxe4 14. Qg4 Rf6 15. Nxe4 Rg6 16. Qf3 {1-0 (35) Anton Guijarro,D (2652)-Forcen Esteban,D (2569) Linares 2018}) 9. cxd5 exd5 10. Qc2 Be7 {The position is equal.} 11. Ne5 c5 12. Rad1 $146 ({Predecessor:} 12. dxc5 bxc5 13. Na4 Qd6 14. Bc3 d4 15. exd4 cxd4 16. Rfd1 Qxe5 17. Bxd4 {0-1 (32) Gunina,V (2505)-Nakhbayeva,G (2344) Astana 2013}) 12... Nc6 13. Qa4 Nxe5 14. dxe5 Nd7 15. f4 ({Better is} 15. Qc2 $1 $14) 15... c4 $11 16. Be2 (16. Bb1 $11) 16... Nc5 $17 17. Qc2 d4 18. exd4 Qxd4+ 19. Kh1 {[#]} Nd3 $1 {[%cal Rd3f2] Strongly threatening ...Nf2+.} 20. Be1 $1 {[%cal Re2d3]} Rad8 21. Bg3 {[#]} (21. Bg4 $15) 21... b5 $1 $40 {[%cal Bb6b5,Bb5b4][%mdl 672] White is in trouble.} 22. a4 $2 (22. b3 $17 {is a better chance.}) (22. Nxb5 Qd5) 22... b4 23. Nb5 {[#]} (23. Qb1 $142 bxc3 24. bxc3) 23... Bxg2+ $1 {[%mdl 512]} 24. Kxg2 Qe4+ 25. Kg1 Bc5+ 26. Bf2 Bxf2+ $2 {Accuracy: White = 18%, Black = 80%.} (26... Qg6+ {mates} 27. Kh1 Qc6+ 28. Kg1 Nxf4 29. Rd5 Qxd5 30. Qe4 Qxe4 31. Bf3 Qxf3 32. Bxc5 Nh3#) 0-1

[Event "German Masters 2019"]
[Site "Magdeburg"]
[Date "2019.05.30"]
[Round "5.1"]
[White "Nisipeanu, Liviu-Dieter"]
[Black "Bluebaum, Matthias"]
[Result "1/2-1/2"]
[WhiteElo "2667"]
[BlackElo "2618"]
[Annotator "TA"]
[PlyCount "102"]
[EventDate "2019.05.26"]
[EventType "tourn"]
[EventCountry "GER"]
[SourceTitle "playchess.com"]
[Source "ChessBase"]
[SourceQuality "1"]

{[%evp 11,102,7,21,0,4,14,0,0,0,0,0,0,8,2,9,6,8,13,0,3,6,-11,0,0,0,0,0,-22,0,0,0,-115,-114,-127,-110,-111,-115,-122,-115,-118,-110,-126,-119,-115,-122,-123,-123,-128,-121,-157,-183,-176,-97,-98,-93,-102,-88,-85,-81,-124,-116,-110,-118,-123,-114,-141,0,0,0,0,0,0,0,0,0,0,0,-8,-8,-8,0,0,0,0,0,0,0,0,0,0,0,0,0]} 1. e4 e6 2. d4 d5 3. Nd2 {[%cal Bb1d2,Bd2e4,Be4d6][%mdl 32]} c5 4. Ngf3 cxd4 5. Nxd4 Nf6 6. exd5 Nxd5 7. c3 {C07: French Tarrasch: 3...c5, 4 Ngf3 and 4 exd5 Qxd5} Bc5 (7... Be7 8. Bd3 O-O 9. O-O Nd7 10. N2f3 Qc7 11. Re1 a6 12. Qc2 N7f6 13. Bg5 b6 14. Bh4 Nf4 {½-½ (22) Grandelius,N (2688)-Nisipeanu,L (2667) Malmo 2019}) 8. Ne4 $146 ({Predecessor:} 8. Bb5+ Bd7 9. Bxd7+ Nxd7 10. N2f3 Qb6 11. O-O O-O 12. Qb3 Qc7 13. Qc2 a6 {0-1 (27) Kralovec,V-Seibt,J (1665) Klatovy 1997}) 8... Bxd4 9. Qxd4 O-O 10. Be2 Nc6 11. Qc5 f5 12. Nd6 Qe7 {Hoping for ...Rd8.} 13. Be3 f4 14. Bd2 Rd8 15. Ne4 Qe8 16. f3 b6 $36 {[%mdl 2048] Black fights for an advantage.} 17. Qf2 e5 18. O-O Bf5 19. Ba6 Na5 20. Rfe1 Qc6 21. Qe2 (21. Bf1 $11 {keeps the balance.}) 21... Bxe4 $1 $17 22. fxe4 Nc7 23. Bd3 Qd6 24. Bc4+ Kh8 {Threatens to win with ...Qc5+.} 25. Bd5 Nxd5 26. exd5 Qxd5 27. Rad1 Qxa2 28. Qxe5 Nc4 $1 {[%cal Rc4e5]} 29. Qe6 Qb3 30. Qe2 Nxb2 ({But not} 30... Nxd2 31. Rxd2 Rxd2 32. Qxd2 $15) 31. Rb1 {Bc1 is the strong threat.} Qc2 (31... Qa3 $19 32. Bxf4 Nd3 {[%mdl 64] Double Attack}) 32. Bxf4 Qxe2 33. Rxe2 Nc4 34. Re4 Rac8 35. Re7 a5 36. Be5 Nxe5 37. Rxe5 {[%mdl 4096] Endgame KRR-KRR} Rd6 38. Reb5 {[#]} Ra8 ({Resist} 38... Rxc3 {[#]} 39. Rxa5 $1 {[%mdl 512]} h6 40. Ra6 $15) (38... h6 $1 $17 39. Rxb6 Rxb6 40. Rxb6 Rxc3) 39. Rxb6 $11 {The position is equal.} Rxb6 40. Rxb6 {KR-KR} a4 41. Kf2 a3 42. Rb1 Kg8 (42... a2 $5 43. Ra1 $8 Ra3 $11) 43. Ke3 Kf7 44. Kd3 Ke6 45. Kc2 Rf8 46. Rb6+ Kd5 {aiming for ...Rf2+.} 47. Kb3 Rf2 {And now ...Rb2+ would win.} 48. c4+ Kc5 49. Rb5+ Kc6 50. Kxa3 Rxg2 51. Rh5 h6 {Accuracy: White = 69%, Black = 68%.} 1/2-1/2

[Event "German Masters 2019"]
[Site "Magdeburg"]
[Date "2019.05.30"]
[Round "5.2"]
[White "Buhmann, Rainer"]
[Black "Keymer, Vincent"]
[Result "1/2-1/2"]
[WhiteElo "2573"]
[BlackElo "2521"]
[Annotator "TA"]
[PlyCount "50"]
[EventDate "2019.05.26"]
[EventType "tourn"]
[EventCountry "GER"]
[SourceTitle "playchess.com"]
[Source "ChessBase"]
[SourceQuality "1"]

{[%evp 19,50,10,18,12,22,13,28,2,0,12,6,-21,-16,-24,-20,-21,-25,-25,-7,-27,0,0,6,-22,0,-7,3,-11,0,0,0,-16,0]} 1. e4 c5 2. Nf3 d6 3. d4 cxd4 4. Nxd4 Nf6 5. Nc3 a6 6. Be3 e5 7. Nf3 Be7 8. Bc4 Be6 9. Bb3 O-O 10. O-O Qc7 11. Nh4 {B90: Sicilian Najdorf: Unusual White 6th moves, 6 Be3 Ng4 and 6 Be3 e5} g6 12. Bh6 Re8 13. Nf3 {White has an edge.} Nbd7 {[#]} 14. Re1 $146 ({Predecessor:} 14. Ng5 Bc4 15. Qf3 Bf8 16. Qh3 Bxb3 17. cxb3 Qd8 18. Rad1 Nh5 19. Bxf8 Nxf8 {1-0 (39) Safarli,E (2649)-Palac,M (2563) Tromsoe 2014}) 14... Rac8 15. Re2 b5 16. a3 Nc5 17. Bg5 Nxb3 18. cxb3 Nh5 19. Rd2 Red8 20. Bh6 {The position is equal.} Nf6 21. Bg5 Nh5 22. Bh6 Nf6 23. Bg5 Nh5 24. Bh6 Nf6 25. Bg5 Nh5 {Accuracy: White = 50%, Black = 49%.} 1/2-1/2

[Event "German Masters 2019"]
[Site "Magdeburg"]
[Date "2019.05.30"]
[Round "5.3"]
[White "Miller, Eduard"]
[Black "Fridman, Daniel"]
[Result "0-1"]
[WhiteElo "2382"]
[BlackElo "2644"]
[Annotator "TA"]
[PlyCount "74"]
[EventDate "2019.05.26"]
[EventType "tourn"]
[EventCountry "GER"]
[SourceTitle "playchess.com"]
[Source "ChessBase"]
[SourceQuality "1"]

{[%evp 9,74,-2,-6,-13,1,-6,33,34,34,31,15,21,38,-17,-16,-21,-10,-33,-17,-14,-15,-26,-31,-33,-32,-69,-62,-85,-62,-66,-67,-72,-69,-101,-108,-102,-85,-112,-85,-85,-81,-78,-38,-58,-8,-8,-8,-8,-8,-8,-12,-13,-11,-31,-21,-24,-8,-129,-39,-27,0,0,0,-427,-393,-687,-287]} 1. Nf3 d6 2. g3 e5 3. d4 e4 4. Nfd2 f5 (4... Nf6 5. Bg2 d5 6. c4 c6 7. Nc3 Be7 8. O-O O-O 9. f3 exf3 10. Nxf3 dxc4 11. e4 {0-1 (33) Pushin,V (2353)-Khismatullin,D (2680) Izhevsk 2014}) 5. c4 Nf6 6. Nc3 {A41: 1 d4 d6: Tartakower System and Modern Defence} Be7 7. f3 {[%cal Rf3e4]} exf3 $146 ({Predecessor:} 7... e3 8. Nb3 f4 9. Qd3 g5 10. h4 gxh4 11. gxf4 Nh5 12. Qxe3 Ng3 {0-1 (43) Marchand,E-Morgan,C San Antonio 1962}) 8. Nxf3 {White is slightly better.} O-O 9. Bg2 c6 10. O-O Ne4 11. Nxe4 ({White should play} 11. Qb3 $14) 11... fxe4 $11 12. Nd2 d5 13. Qb3 Qb6 14. Rxf8+ Bxf8 15. Qxb6 axb6 16. Nb1 dxc4 17. Bxe4 Bg4 18. Bf4 Bxe2 19. Nc3 Bh5 20. d5 Be8 $1 21. Rd1 {[#]} Na6 $1 22. d6 Nc5 23. Bf5 {With the idea d7.} Bd7 24. Bxd7 Nxd7 25. a4 Nc5 {And now ...Nd3 would win.} 26. Bg5 h6 27. d7 $1 {[%cal Rd7d8]} Nxd7 $1 28. Rxd7 {Black must now prevent Be3.} hxg5 29. Rxb7 {[%mdl 4096] Endgame KRB-KRN} Bc5+ 30. Kg2 Re8 31. Rc7 Re6 32. Kf3 Bd4 33. Ne4 {[#]} (33. Kg4 $11 {keeps the balance.}) 33... g4+ $1 {[%mdl 512]} 34. Kf4 $15 (34. Kxg4 Rxe4+) 34... g6 {...Be5+ is the strong threat.} 35. Rc8+ Kg7 {aiming for ...Kh6.} 36. Rc7+ $2 {[%mdl 8192]} (36. Ng5 $1 $11 {and White stays safe.} Rd6 37. Ne4) 36... Kh6 $19 {Strongly threatening ...Be5+.} 37. Ng5 $2 (37. Rh7+ Kxh7 38. Ng5+ Kg8 39. Nxe6 Bxb2 40. Ke4) 37... Be3+ {Accuracy: White = 53%, Black = 52%.} 0-1

[Event "German Masters 2019"]
[Site "Magdeburg"]
[Date "2019.05.30"]
[Round "5.4"]
[White "Meier, Georg"]
[Black "Bindrich, Falko"]
[Result "1-0"]
[WhiteElo "2636"]
[BlackElo "2599"]
[Annotator "TA"]
[PlyCount "59"]
[EventDate "2019.05.26"]
[EventType "tourn"]
[EventCountry "GER"]
[SourceTitle "playchess.com"]
[Source "ChessBase"]
[SourceQuality "1"]

{[%evp 16,59,52,43,98,109,111,109,108,86,143,144,234,168,256,241,331,321,320,308,297,214,210,211,248,204,309,272,374,374,361,280,326,330,328,332,343,335,439,374,485,412,408,400,447,423]} 1. Nf3 d5 2. g3 c6 3. Bg2 Bg4 4. O-O e6 5. d4 Nd7 6. Nbd2 f5 7. c4 Bd6 8. Qb3 Rb8 9. Re1 Ngf6 {[#] A07: Réti Opening: New York and Capablanca Systems} ({Better is} 9... h6 $14) (9... Bh5 10. Qe3 Qe7 11. cxd5 {½-½ (11) Fridman,D (2607)-Levin,F (2530) Helmond 2016}) 10. Ng5 $1 $16 {[%cal Rg5e6]} Qe7 {[#]} 11. f3 $1 h6 {White is better.} 12. Nxe6 {Black must now prevent cxd5.} (12. cxd5 {with more complications.} Bh5 13. dxe6 Nc5 14. dxc5 Bxc5+ 15. Kh1) 12... Qxe6 (12... Bh5 $142) 13. fxg4 O-O $146 (13... Nxg4 $16 {is a better defense.} 14. cxd5 Qe3+ 15. Qxe3+ Nxe3) ({Predecessor:} 13... Nxg4 14. cxd5 Qe3+ 15. Qxe3+ Nxe3 16. dxc6 bxc6 17. Ne4 fxe4 18. Bxe3 {½-½ (42) Pavlovic,M (2497)-Welling,G (2373) Biel 2006}) 14. cxd5 cxd5 (14... Nxd5 {was called for.} 15. gxf5 Qe3+ 16. Kh1 Qxd4) 15. gxf5 $18 Qxf5 16. e4 Qh5 17. Nf3 Ng4 {Hoping for ...Rxf3!} 18. Qxd5+ Qxd5 19. exd5 Rbc8 20. Re2 a5 (20... Rcd8 $142 21. Re6 Nb6) 21. a3 Rc4 22. Bd2 Rc2 23. Rb1 a4 24. Ne1 Rc4 25. Re6 Bb8 26. Bc3 Ba7 27. Rd1 Nc5 28. Re2 Nb3 {[%cal Rb3d4]} 29. Nc2 Rd8 30. Re7 {Accuracy: White = 76%, Black = 20%.} 1-0

[Event "German Masters 2019"]
[Site "Magdeburg"]
[Date "2019.05.31"]
[Round "6.1"]
[White "Bluebaum, Matthias"]
[Black "Bindrich, Falko"]
[Result "1/2-1/2"]
[WhiteElo "2618"]
[BlackElo "2599"]
[Annotator "TA"]
[PlyCount "82"]
[EventDate "2019.05.26"]
[EventType "tourn"]
[EventCountry "GER"]
[SourceTitle "playchess.com"]
[Source "ChessBase"]
[SourceQuality "1"]

{[%evp 18,82,18,14,22,19,13,0,0,0,0,-7,-5,0,-7,-6,18,0,0,0,0,-10,-8,-14,-5,-16,-9,-17,-17,-14,-18,-19,-6,-8,-8,-9,0,0,0,-10,-10,-10,-10,-10,-10,-10,-10,-47,0,0,0,-33,0,-47,-47,-47,-47,-47,-47,-47,-47,-47,-47,-47,-47,-47,-47]} 1. d4 Nf6 2. c4 e6 3. Nc3 Bb4 4. e3 b6 5. Bd2 Bb7 6. Nf3 Bxc3 7. Bxc3 Ne4 8. Rc1 O-O 9. Bd3 f5 10. O-O Nxc3 {E21: Nimzo-Indian: 4 Nf3} (10... d6 11. Qe2 Nd7 12. Rfd1 Qf6 13. Be1 Qg6 14. Nh4 Qf6 15. Nf3 e5 16. dxe5 Nxe5 17. Nxe5 Qxe5 18. f3 Nc5 {½-½ (87) Kovacs,G (2461)-Heinemann,T (2495) Austria 2018}) 11. Rxc3 c5 12. Re1 $146 ({Predecessor:} 12. dxc5 bxc5 13. Be2 Qe7 14. Rd3 e5 15. Rd5 e4 16. Ne1 Rf7 17. Rd6 Na6 18. Rd2 Raf8 19. g3 Bc6 20. a3 Nc7 21. Ng2 g5 22. f4 h6 23. Qc1 Ne6 {½-½ (23) Weber,L (2205)-Kras,T USA 1992}) 12... Bxf3 {The position is equal.} 13. Qxf3 Nc6 14. d5 Ne5 15. Qd1 Qf6 16. Be2 Rae8 17. Qd2 Nf7 18. Ra3 a5 19. dxe6 dxe6 20. Qc3 Qxc3 21. Rxc3 Rd8 22. Rb3 Rd6 23. Rd1 {Strongly threatening Rxd6.} Rxd1+ 24. Bxd1 $11 {[%mdl 4096] Endgame KRB-KRN} Rd8 {[%cal Rd8d1] [#]} 25. Be2 Rd6 26. f4 g5 27. Rd3 h6 28. a4 Kg7 29. Rxd6 Nxd6 {KB-KN} 30. Bd3 Kf6 31. Kf2 e5 32. g3 Nf7 33. Be2 Nd8 34. Bd1 Ne6 {[%cal Re5f4]} 35. Kf3 e4+ {Black is slightly better.} 36. Kf2 g4 37. Be2 h5 38. Bd1 Nf8 39. Kg2 Ng6 40. h4 Nf8 41. Kf2 Ne6 {Accuracy: White = 63%, Black = 63%.} 1/2-1/2

[Event "German Masters 2019"]
[Site "Magdeburg"]
[Date "2019.05.31"]
[Round "6.2"]
[White "Fridman, Daniel"]
[Black "Meier, Georg"]
[Result "1/2-1/2"]
[WhiteElo "2644"]
[BlackElo "2636"]
[Annotator "TA"]
[PlyCount "73"]
[EventDate "2019.05.26"]
[EventType "tourn"]
[EventCountry "GER"]
[SourceTitle "playchess.com"]
[Source "ChessBase"]
[SourceQuality "1"]

{[%evp 12,73,27,17,18,0,7,11,19,10,9,4,14,15,25,0,8,0,11,10,12,14,27,12,14,14,6,7,2,0,0,0,0,0,0,-5,-4,-9,-8,-16,-10,-19,-9,-13,-12,-14,-14,-22,-14,-19,-7,-10,-8,-12,-3,-6,-4,-12,0,0,0,-12,0,-4]} 1. d4 e6 2. Nf3 Nf6 3. c4 d5 4. Nc3 Be7 5. Bf4 O-O 6. e3 Nbd7 7. Be2 dxc4 {D37: Queen's Gambit Declined: 5 Bf4} 8. Bxc4 (8. O-O c5 9. dxc5 Nxc5 10. Bxc4 b6 11. Qc2 Bb7 12. Rfd1 Qc8 13. Nb5 a6 14. Nd6 Bxd6 15. Bxd6 Rd8 16. Rac1 Nce4 17. Bb4 Rxd1+ 18. Qxd1 {1-0 (69) Grischuk,A (2771)-Topalov,V (2740) Shamkir 2019}) 8... c5 9. O-O cxd4 10. Qxd4 Nb6 {[#] White must now prevent ...Qxd4.} 11. Bb3 Qxd4 12. Nxd4 Bd7 13. Rac1 Rfc8 14. Ncb5 {[#]} Nbd5 $146 ({Predecessor:} 14... Rxc1 15. Rxc1 Rc8 16. Rxc8+ Nxc8 17. Kf1 Ne4 18. Bc2 Ned6 19. Nxd6 Nxd6 20. Ke2 g6 21. Bb3 {½-½ (21) Schenk,A (2483)-Parligras,M (2584) Germany 2016}) 15. Bd6 Kf8 16. Bg3 Rc5 17. Rxc5 Bxc5 {The position is equal.} 18. Bd6+ Bxd6 19. Nxd6 Rb8 20. Nc4 Rc8 21. Ne5 Be8 22. Nd3 Ke7 23. Rc1 Rxc1+ 24. Nxc1 Kd6 25. Kf1 Bd7 26. Bc2 h6 27. Ke1 Ng4 28. h3 Ne5 29. b3 g5 30. Kd2 f5 31. Nce2 Nc6 32. a3 Nf6 33. Nb5+ Ke7 34. Nbd4 Kd6 35. Nb5+ Ke7 36. Nbd4 Kd6 37. Nb5+ {Accuracy: White = 56%, Black = 63%.} 1/2-1/2